Online Catalogue and eLibrary

The Social Psychology of Poverty (Record no. 1210)

MARC details
000 -LEADER
fixed length control field 00477nam a2200193Ia 4500
005 - DATE AND TIME OF LATEST TRANSACTION
control field 20250324064627.0
008 - FIXED-LENGTH DATA ELEMENTS--GENERAL INFORMATION
fixed length control field 240331s9999 xx 000 0 und d
020 ## - INTERNATIONAL STANDARD BOOK NUMBER
ISBN 8170992958
082 ## - DDC Classification
Class No. 303
Item Number - Author Mark SIN
DDC Edition Number 934
100 ## - MAIN ENTRY--PERSONAL NAME
Personal name Singh, A. K
245 #4 - TITLE STATEMENT
Title The Social Psychology of Poverty
260 ## - PUBLICATION, DISTRIBUTION, ETC.
Place of publication, distribution, etc. New Delhi,
Name of publisher, distributor, etc. Mittal Publications
Date of publication, distribution, etc. 1991
300 ## - PHYSICAL DESCRIPTION
Extent (e.g. Volumes, Pages etc.) viii, 148 p.,
650 ## - SUBJECT ADDED ENTRY--TOPICAL TERM
Topical term or geographic name entry element Poverty
650 ## - SUBJECT ADDED ENTRY--TOPICAL TERM
Topical term or geographic name entry element Society
650 ## - SUBJECT ADDED ENTRY--TOPICAL TERM
Topical term or geographic name entry element Social Science
650 ## - SUBJECT ADDED ENTRY--TOPICAL TERM
Topical term or geographic name entry element Psychology
942 ## - Koha item type (Biblio)
Koha item type Books in Stacks (Lending)
Holdings
Lost status Damaged status Collection code Home library Current library Shelving location Date acquired Full call number Accession Number Item type
    Lending WERC Library WERC Library Social Science Cupboard 03/31/2024 303 SIN 934 Books in Stacks (Lending)

© WERC Library